| 000 | 00496nam a2200193Ia 4500 | ||
|---|---|---|---|
| 008 | 170918s9999 xx 000 0 und d | ||
| 020 | _a9780590445081 | ||
| 050 | _bZ65 1988 | ||
| 100 | _aZiefert, Harriet | ||
| 245 | 2 | _aA clean house for mole and mouse / | |
| 245 | _cby Harriet Ziefert pictures by David Prebenna. | ||
| 260 | _aNew York : | ||
| 260 | _bScholastic, | ||
| 260 | _c1988 | ||
| 300 | _a32 pages : | ||
| 300 | _bcolored illustration ; | ||
| 300 | _c23cm. | ||
| 500 | _a170 | ||
| 999 |
_c342891 _d342891 |
||